| 000 | 00340nam a2200133Ia 4500 | ||
|---|---|---|---|
| 005 | 20251222144827.0 | ||
| 008 | 251222s9999||||xx |||||||||||||| ||spa|| | ||
| 020 | _a84-8088-066-X | ||
| 082 | _a658.5/C26/Ej.2 | ||
| 100 | _aCañadas, Miguel | ||
| 245 | 0 | _aReflotación y Reingeniería de Empresas: | |
| 264 | _bGestión 2000 | ||
| 942 | _cLIB | ||
| 999 |
_c20705 _d20705 |
||